| 000 | 00452nam a22001817a 4500 | ||
|---|---|---|---|
| 005 | 20251009110248.0 | ||
| 008 | 250910b |||||||| |||| 00| 0 eng d | ||
| 020 | _a9789391558345 | ||
| 041 | _aMarathi | ||
| 082 |
_a891.46 _bRAM |
||
| 100 |
_aRamrajshekhar _9213601 |
||
| 245 | _aSeva Dharma Mahan | ||
| 260 |
_aPune _bBharatiya Vichar Sadhana Pune Prakashan _c2022 |
||
| 300 | _a72 | ||
| 365 |
_b56.00 _cRs,00 |
||
| 650 | _aGeneral | ||
| 942 | _cBK | ||
| 999 |
_c367735 _d367735 |
||